Normal view
MARC view
- Brighton, John A
Entry Personal Name
001 - CONTROL NUMBER
- control field: 39988
003 - CONTROL NUMBER IDENTIFIER
- control field: NUST
005 - DATE AND TIME OF LATEST TRANSACTION
- control field: 20210314131624.0
008 - FIXED-LENGTH DATA ELEMENTS
- fixed length control field: 210314|| aca||aabn | a|a d
040 ## - CATALOGING SOURCE
- Original cataloging agency: NUST
- Transcribing agency: NUST
100 ## - HEADING--PERSONAL NAME
- Personal name: Brighton, John A
670 ## - SOURCE DATA FOUND
- Source citation: Work cat.: (NUST): Hughes, William F. 39351, Schaum's outline of theory and problems of fluid dynamics /, c1991.
